书目信息 |
| 题名: |
TCP/IP网络互连技术 卷3:客户/服务器程序设计与应用:Windows套接字版
|
|
| 作者: | 科默 著 | |
| 分册: | ||
| 出版信息: | 北京 清华大学出版社 1998.10 |
|
| 页数: | 513页 | |
| 开本: | 32开 | |
| 丛书名: | ||
| 单 册: | ||
| 中图分类: | ||
| 科图分类: | ||
| 主题词: | 计算机应用 | |
| 电子资源: | ||
| ISBN: | 7-302-03094-4 | |
| 000 | 00759nam0 2200205 45 | |
| 001 | 9911161160 | |
| 005 | 19991116111936.6 | |
| 010 | @a7-302-03094-4@d30.00元 | |
| 100 | @a19991116d1998 km y0chiy0120 ea | |
| 101 | @achi | |
| 105 | @a z 000yy | |
| 200 | 1 | @aTCP/IP网络互连技术 卷3:客户/服务器程序设计与应用:Windows套接字版@ATCP/IP Wang Luo Hu Lian Ji Shu Juan 3:Ke Hu/Fu Wu Qi Cheng Xu She Ji Yu Ying Yong:Windows Tao Jie Zi Ban@f科默(Comer,D.E),斯蒂文斯(Stevens,D.L.)著@FKe Mo(Comer,D.E),Si Di Wen Si(Stevens,D.L.)Zhu |
| 210 | @a北京@c清华大学出版社@d1998.10 | |
| 215 | @a513页@d32开 | |
| 606 | 0 | @a计算机应用 |
| 690 | @v3 | |
| 690 | @aTP393.4 | |
| 701 | @a科默@bComer,D.E@4著 | |
| 801 | @aCN@bPFTUser@c19991116 | |
| 905 | @f2@b44010-011@dTP393.4@eK.038 | |
| TCP/IP网络互连技术 卷3:客户/服务器程序设计与应用:Windows套接字版/科默(Comer,D.E),斯蒂文斯(Stevens,D.L.)著.-北京:清华大学出版社,1998.10 |
| 513页;32开 |
| ISBN 7-302-03094-4:30.00元 |
| ● |
| 相关链接 |
|
|
|
正题名:TCP/IP网络互连技术卷3:客户/服务器程序设
索取号:TP393.4/K.038
 
预约/预借
| 序号 | 登录号 | 条形码 | 馆藏地/架位号 | 状态 | 备注 |
| 1 | 44010 | 200440102 | 期刊室512/301自科库 133排2列5层/ [索取号:TP393.4/K.038] | 在馆 | |
| 2 | 44011 | 200440111 | 自科二线504/504自科库 31排1列3层/ [索取号:TP393.4/K.038] | 在馆 | |
| 3 | 51449 | 200514498 | 自科二线504/504自科库 31排1列3层/ [索取号:TP393.4/K.038] | 在馆 |